Statistiques concernant The 10 fastest men 100m (les 10 hommes les plus rapides au monde sur 100m)

Cliquez ici pour prendre le quiz!

Statistiques générales

  • Ce quiz a été pris 502 fois
  • Le résultat moyen est 4 sur 10

Statistiques - réponses

Réponse% Correct
9.58Usain Bolt
100%
9.72Asafa Powell
72%
9.69Tyson Gay
64%
9.79Justin Gatlin
61%
9.69Yohan Blake
54%
9.79Maurice Greene
36%
9.84Donovan Bailey
20%
9.78Nesta Carter
19%
9.84Bruny Surin
6%
9.80Steve Mullings
4%

Distribution des résultats

Percentile par nombre de réponses

% des personnes avec chaque résultat

Votre développement - résultats

Vous n’avez pas pris ce quiz